Sinonim
| Format: | Book |
|---|---|
| Published: |
Selangor :
Early learner ,
2004
|
| Edition: | Edisi Terkini Cetakan ke-14 |
| Series: | Galeri tatabahasa
|
| Subjects: |
MARC
| LEADER | 00000cam a2200000 7i4500 | ||
|---|---|---|---|
| 001 | 0000006166 | ||
| 005 | 20151222.0 | ||
| 008 | 070815 | ||
| 020 | |a 9833001769 | ||
| 090 | 0 | 0 | |a JF |b EDU MAL (5891) |
| 245 | 0 | 0 | |a Sinonim |
| 250 | |a Edisi Terkini Cetakan ke-14 | ||
| 260 | |a Selangor : |b Early learner , |c 2004 | ||
| 440 | |a Galeri tatabahasa | ||
| 500 | |a Children ages 7-9 years old (orange) | ||
| 650 | 0 | |a Education | |
| 650 | 0 | |a Junior fiction |x Malay |x Languages | |
| 999 | |a 0000976370 |b Book |c Children Collection |e Cawangan Taman Universiti | ||